Cherry Bullet all songs(2019-2024) - Statistics

General Stats
  • This quiz has been taken 7 times
  • The average score is 10 of 24
Answer Stats
Hint Answer % Correct
Cherry Rush Love So Sweet
100%
Let's Play Cherry Bullet Q&A
100%
Cherry Dash P.O.W! (Play On the World)
86%
2nd Digital single Aloha Oe
71%
Cherry Wish Love In Space
71%
LOVE ADVENTURE Really Really
71%
Digital single Hands Up
57%
Cherry Rush Follow Me
43%
LOVE ADVENTURE Ping Pong
43%
Cherry Dash Queen
43%
LOVE ADVENTURE Ruddy
43%
Cherry Rush Whatever
43%
Cherry Dash Whistle Like That
43%
Cherry Wish Broken
29%
Cherry Rush Keep Your Head Up
29%
Cherry Wish KKa KKa
29%
Let's Play Cherry Bullet Stick Out
29%
Let's Play Cherry Bullet Violet
29%
Cherry Dash A Winter Star
14%
Cherry Dash Cloud Nine
14%
Cherry Wish Hiccups
14%
Cherry Wish My Boo
14%
Cherry Rush Ting-a-ling-a-ling
0%
Listen-Up Where You At? (4:00 AM)
0%
No matching quizzes found
Score Distribution
Percent of People with Each Score
Percentile by Number Answered
Your Score History
You have not taken this quiz